000 00512nam a2200181 i 4500
001 89263
003 ES-MaACL
005 20230906180130.0
007 t|
008 050105s1973 sp ||||1| spa d
100 1 _aLarkin, David.
_970269
245 1 0 _aArte fantástico /
_cDavid Larkin ; [traducción, Mariano Antolín].
250 _a[1ª ed.].
260 _aMadrid :
_bJúcar,
_c[1973]
300 _a8 h., 4 lám. ;
_c30 cm.
700 1 _aAntolín, Mariano.
_921918
852 _aES-MaACL
_jC-55882
_bR.88229
999 _c89263
_d89263